000 00958nam a2200241 i 4500
001 bg
100 1 _aKONIECZKA, Ryszard
245 1 0 _aPodstawy mechanicznych procesów recyrkulacji folii z polietylenu małej gęstości /
_cRyszard Konieczka.
260 _aBydgoszcz :
_bWydaw. Uczelniane ATR,
_c1996.
300 _a112, [7] s., 1 k.tabl. złoż. :
_bfot., rys., wykr. ;
_c24 cm.
490 1 _aRozprawy / Akademia Techniczno-Rolnicza im. Jana i Jędrzeja Śniadeckich w Bydgoszczy,
_x0209-0597 ;
_vnr 74
504 _aBibliogr. s. 106-111. - Streszcz., Zsfassung.
650 9 _aTworzywa sztuczne
_xtechnologia
650 9 _aFolia
_xrecyrkulacja
650 9 _aPolietylen
_xwyroby
650 9 _aOdpady
_xtechnologia
830 0 _aRozprawy (Akademia Techniczno-Rolnicza im. Jana i Jędrzeja Śniadeckich w Bydgoszczy) ;
_vnr 74
040 _cBPK
041 0 _apl
_bde
080 _a678:628.54
942 _cKS
008 s pl f |000 0 pol
999 _c31107
_d31107
856 _uhttp://koha.tu.koszalin.pl/cgi-bin/koha/opac-detail.pl?biblionumber=31107
_yKatalog online BPK